| 000 | 004470000a22001810004500 | ||
|---|---|---|---|
| 003 | MACL | ||
| 005 | 20150801130147.0 | ||
| 008 | 150801b xxu||||| |||| 00| 0 eng d | ||
| 040 |
_aMACL _cMACL |
||
| 041 | _aEnglish | ||
| 082 | _a363/SHA | ||
| 100 |
_aShah, R.K. _94033 |
||
| 245 | _aLearning Disabilities | ||
| 260 |
_bAavishkar Publishers _c2005 _aJaipur |
||
| 350 | _a550 | ||
| 650 |
_aSocial Problems & Services _92211 |
||
| 942 |
_cBK _k363 _2ddc |
||
| 999 |
_c8756 _d8756 |
||